ស្រ្តីគ្រប់លក្ខណ៏តំណទីបួន ដង្កូវរីករាយ​/ (Record no. 4464)

MARC details
000 -LEADER
fixed length control field 02031nam a22003257a 4500
001 - CONTROL NUMBER
control field 4464
003 - CONTROL NUMBER IDENTIFIER
control field FISKH
005 - DATE AND TIME OF LATEST TRANSACTION
control field 20240920114941.0
008 - FIXED-LENGTH DATA ELEMENTS--GENERAL INFORMATION
fixed length control field 240911b cb ||||| |||| 00| 0 eng d
020 ## - INTERNATIONAL STANDARD BOOK NUMBER
International Standard Book Number 9789995000950
040 ## - CATALOGING SOURCE
Original cataloging agency FISKH
Language of cataloging Khmer
Transcribing agency FISKH
Modifying agency FISKH
050 ## - LIBRARY OF CONGRESS CALL NUMBER
Classification number PZ7
082 ## - DEWEY DECIMAL CLASSIFICATION NUMBER
Edition number 800
100 ## - MAIN ENTRY--PERSONAL NAME
Personal name Sakal, Ngoun
Relator term author
245 ## - TITLE STATEMENT
Title ស្រ្តីគ្រប់លក្ខណ៏តំណទីបួន ដង្កូវរីករាយ​/
Statement of responsibility, etc. by Ngoun , Sakal
250 ## - EDITION STATEMENT
Edition statement បោះពុម្ពលើកទី១ឆ្នាំ២០០៩
260 ## - PUBLICATION, DISTRIBUTION, ETC.
Place of publication, distribution, etc. ភ្នំពេញ :
Name of publisher, distributor, etc. គ្រឺះស្ថានបោះពុម្ពនិងចែកផ្សាយ ;
Date of publication, distribution, etc. ២០០៩​ .
300 ## - PHYSICAL DESCRIPTION
Extent 16 pages :
Other physical details color illustrations ;
Dimensions 19 cm .
490 ## - SERIES STATEMENT
Series statement កំរងរឿងនិទានអប់រំ
505 ## - FORMATTED CONTENTS NOTE
Formatted contents note M <br/><br/>
520 ## - SUMMARY, ETC.
Summary, etc. ស្ត្រីគ្រប់លក្ខណ៏តំណទីបួន​ : មានប្តីប្រពន្ធពីរនាក់រស់នៅក្នុងភូមិមួយ ប្តិមានចិត្តសង្ស័យថាប្រពន្ធមិនស្មោះក៏ក្លែងធ្វើជាស្រវឺងដើម្បីសាកចិត្តនាង ។ <br/>ដង្កូវរីករាយ : ដង្កូវញីនិងកន្ទំរុយសន្ទនាគ្នាអំពីចំណីអាហារដែលពួកវាសុី ។​
520 ## - SUMMARY, ETC.
Summary, etc. Perfect Woman Fourth Link: There are two couples living in the same village who suspect that their unfaithful wife is pretending to be drunk to tempt her. <br/>Happy Worms: Female worms and flies talk to each other about the food they eat.
521 8# - TARGET AUDIENCE NOTE
Target audience note 550 <br/>
Source Lexile estimate <br/>
521 8# - TARGET AUDIENCE NOTE
Target audience note M <br/>
Source Raz-Plus <br/>
650 ## - SUBJECT ADDED ENTRY--TOPICAL TERM
Topical term or geographic name entry element ផឺកស្រា​
Form subdivision រឿងប្រឌិត
650 ## - SUBJECT ADDED ENTRY--TOPICAL TERM
Topical term or geographic name entry element drink beer
Form subdivision fiction
700 ## - ADDED ENTRY--PERSONAL NAME
Personal name Bopha, Om
Relator term illustrator
942 ## - ADDED ENTRY ELEMENTS (KOHA)
Source of classification or shelving scheme Dewey Decimal Classification
Koha item type Khmer Books
Suppress in OPAC No
Holdings
Withdrawn status Lost status Source of classification or shelving scheme Damaged status Not for loan Collection Home library Current library Shelving location Date acquired Total Checkouts Full call number Barcode Date last seen Copy number Price effective from Koha item type
    Dewey Decimal Classification     Khmer Language Books / សៀវភៅភាសាខ្មែរ Footprints International School Library Network Toul Tom Poung Campus Footprints International School Library Network Toul Tom Poung Campus TTP Primary Khmer Bookshelves 09/11/2024   SAK PZ7 800 FIS04320 09/19/2025 1 09/11/2024 Khmer Books
    Dewey Decimal Classification     Khmer Language Books / សៀវភៅភាសាខ្មែរ Footprints International School Library Network Toul Tom Poung Campus Footprints International School Library Network Toul Tom Poung Campus TTP Primary Khmer Bookshelves 09/11/2024   SAK PZ7 800 FIS04184 09/25/2024 2 09/11/2024 Khmer Books
    Dewey Decimal Classification     Khmer Language Books / សៀវភៅភាសាខ្មែរ Footprints International School Library Network Toul Tom Poung Campus Footprints International School Library Network Toul Tom Poung Campus TTP Primary Khmer Bookshelves 12/11/2025   SAK PZ7 800 FIS04203 12/11/2025 3 12/11/2025 Khmer Books